| 000 | 00381cam a22001097a 4500 | ||
|---|---|---|---|
| 008 | 180718b1977 xxu||||| |||| 00| 0 eng d | ||
| 082 | _aR22x54 In2pr | ||
| 245 |
_aReport of the wage revision committee for port and dock workers _cby Ministry of Shipping & Transport |
||
| 260 |
_aDelhi _bGovernment of India _c1977 |
||
| 300 | _a354p | ||
| 700 | _aIndia. Ministry of Shipping & Transport | ||
| 999 |
_c496022 _d496022 |
||